Éliane Viennot, La France, les femmes et le pouvoir. L’invention de la loi salique (Ve-XVIe siècles), Paris, Perrin, 2006, 764 p. (notice n° 1606027)

détails MARC
000 -LEADER
fixed length control field 01797cam a2200193 4500500
005 - DATE AND TIME OF LATEST TRANSACTION
control field 20251228095248.0
041 ## - LANGUAGE CODE
Language code of text/sound track or separate title fre
042 ## - AUTHENTICATION CODE
Authentication code dc
100 10 - MAIN ENTRY--PERSONAL NAME
Personal name Butler, Judith
Relator term author
245 00 - TITLE STATEMENT
Title Éliane Viennot, La France, les femmes et le pouvoir. L’invention de la loi salique (Ve-XVIe siècles), Paris, Perrin, 2006, 764 p.
260 ## - PUBLICATION, DISTRIBUTION, ETC.
Date of publication, distribution, etc. 2007.<br/>
500 ## - GENERAL NOTE
General note 90
520 ## - SUMMARY, ETC.
Summary, etc. RésuméÀ partir d’une enquête ethnographique dans deux luttes de chômeurs et chômeuses en Bretagne en 1997-1998, cet article analyse les modes de perception de la domination masculine repérée dans les mobilisations observées. Celles-ci apparaissent comme des processus qui contribuent à fabriquer la sexuation du social mais aussi un rapport à cette sexuation, en fonction de la dimension collective de la lutte. L’article revient aussi sur la constitution, dans un mouvement social non féministe, d’un « sujet social femmes » (Danièle Kergoat).
520 ## - SUMMARY, ETC.
Summary, etc. Starting from an ethnographic investigation in two fights of unemployed persons in Brittany in 1997-1998, this article analyzes the modes of perception of the male domination located in the mobilizations observed. Those appear as processes which contribute to manufacture not only the sexuation of social order but also a relation to this sexuation, according to collective dimension of the fight. The article also reconsiders the constitution, in a nonfeminist social movement, of a “social subject women” (Danièle Kergoat).
700 10 - ADDED ENTRY--PERSONAL NAME
Personal name Fassin, Éric
Relator term author
700 10 - ADDED ENTRY--PERSONAL NAME
Personal name Scott, Joan Wallach
Relator term author
786 0# - DATA SOURCE ENTRY
Note Sociétés & Représentations | 24 | 2 | 2007-11-01 | p. 307e-320e | 1262-2966
856 41 - ELECTRONIC LOCATION AND ACCESS
Uniform Resource Identifier <a href="https://shs.cairn.info/revue-societes-et-representations-2007-2-page-307e?lang=fr&redirect-ssocas=7080">https://shs.cairn.info/revue-societes-et-representations-2007-2-page-307e?lang=fr&redirect-ssocas=7080</a>

Pas d'exemplaire disponible.

PLUDOC

PLUDOC est la plateforme unique et centralisée de gestion des bibliothèques physiques et numériques de Guinée administré par le CEDUST. Elle est la plus grande base de données de ressources documentaires pour les Étudiants, Enseignants chercheurs et Chercheurs de Guinée.

Adresse

627 919 101/664 919 101

25 boulevard du commerce
Kaloum, Conakry, Guinée

Réseaux sociaux

Powered by Netsen Group @ 2025